000 00655nam a2200277Ia 4500
005 20260324121950.0
008 008 260324s9999 xx 000 0 eng d
020 _a9780429069291
037 _aEBOOK
040 _aCRL
040 _beng
040 _cCRL
041 _2eng
041 _aeng
084 _qCRL
100 _aSemih Otles
_91164579
245 0 _aProbiotics and Prebiotics in Food, Nutrition and Health
260 _bTaylor and Francis
260 _c2013
365 _a
365 _b400
856 _uhttp://www.taylorfrancis.com/books/9780429069291
942 _cEBOOK
999 _c1756989
_d1756989